[Event "Sucre op 7th"]
[Site "Sucre"]
[Date "2023.12.07"]
[Round "2"]
[White "Montevilla Cahuasa, Sebastian"]
[Black "Filipps, Yamil"]
[Result "0-1"]
[WhiteElo "1431"]
[BlackElo "2050"]
[PlyCount "70"]
[EventDate "2023.12.07"]
[EventType "swiss"]
[EventRounds "7"]
[EventCountry "BOL"]
[SourceTitle "CB51_2023"]
[SourceDate "2023.12.20"]
[SourceVersion "1"]
[SourceVersionDate "2023.12.20"]
[SourceQuality "1"]

1. e4 c5 2. Nf3 Nc6 3. d4 cxd4 4. Nxd4 e5 5. Nb5 d6 6. N1c3 a6 7. Na3 Be7 8. Nd5 Nf6 9. Nxf6+ Bxf6 10. c3 Be6 11. Be2 d5 12. exd5 Bxd5 13. 0-0 0-0 14. Be3 b5 15. Nc2 Na5 16. Nb4 Bc4 17. Bxc4 Nxc4 18. Bc5 Qxd1 19. Rfxd1 Rfc8 20. Be3 Nxb2 21. Rd6 Nc4 22. Rxa6 Rxa6 23. Nxa6 Nxe3 24. fxe3 Rxc3 25. Rb1 h5 26. Rxb5 Rxe3 27. Nb4 Ra3 28. Nc6 e4 29. Ra5 Rc3 30. Ne5 e3 31. Kf1 Rc2 32. Nf3 e2+ 33. Kf2 Bc3 34. Ne1 Rc1 35. Kxe2 Bxa5 0-1

[Event "La Paz Clasification op 1st"]
[Site "La Paz"]
[Date "2018.02.03"]
[Round "7"]
[White "Filipps, Yamil"]
[Black "Huanca, Edson"]
[Result "1-0"]
[WhiteElo "2134"]
[BlackElo "1974"]
[PlyCount "145"]
[EventDate "2018.02.01"]
[EventType "swiss"]
[EventRounds "8"]
[EventCountry "BOL"]
[SourceTitle "CBM 182 Extra"]
[Source "ChessBase"]
[SourceDate "2018.02.23"]
[SourceVersion "1"]
[SourceVersionDate "2018.02.23"]
[SourceQuality "1"]

1. d4 d5 2. Nf3 Nf6 3. Bf4 e6 4. e3 Be7 5. Bd3 0-0 6. Nbd2 c5 7. c3 Bd7 8. Ne5 a6 9. h4 Bc6 10. Bb1 Nbd7 11. Qc2 cxd4 12. exd4 Rc8 13. Bg5 g6 14. Ndf3 Nxe5 15. Nxe5 Nd7 16. Bh6 Re8 17. h5 Nxe5 18. dxe5 Bg5 19. hxg6 hxg6 20. f4 Bxh6 21. Rxh6 Rc7 22. g3 Kg7 23. Qh2 Rh8 24. Rxh8 Qxh8 25. Qxh8+ Kxh8 26. Bc2 Kg7 27. Kd2 Rc8 28. Rh1 d4 29. Rh2 dxc3+ 30. bxc3 Bf3 31. Bb3 Rd8+ 32. Ke3 Bg4 33. c4 Bf5 34. Rd2 Rxd2 35. Kxd2 g5 36. Ke3 gxf4+ 37. gxf4 Kf8 38. c5 Ke7 39. Bd1 Kd7 40. Bf3 Kc7 41. Bh5 Kc6 42. Kd4 Bg6 43. Bf3+ Kc7 44. Kc4 b6 45. Kb4 Bb1 46. a3 a5+ 47. Kc4 Ba2+ 48. Kb5 bxc5 49. Kxc5 Kd7 50. Kb5 Ke7 51. Kxa5 f6 52. Kb6 fxe5 53. fxe5 Kf7 54. Be4 Kg7 55. Kc5 Bb3 56. Kd6 Kh6 57. Bc6 Kg6 58. a4 Kf5 59. Bb5 Bc2 60. a5 Be4 61. Bc4 Bb7 62. Bxe6+ Ke4 63. Bh3 Kd4 64. e6 Bd5 65. a6 Kc4 66. e7 Bf7 67. Be6+ Bxe6 68. Kxe6 Kb5 69. e8Q+ Kxa6 70. Qb8 Ka5 71. Kd5 Ka4 72. Kc4 Ka3 73. Qb3# 1-0

[Event "Pan American-ch U18 27th"]
[Site "Montevideo"]
[Date "2016.07.28"]
[Round "5"]
[White "Lemos, Dawton Almino"]
[Black "Filipps, Yamil"]
[Result "1-0"]
[WhiteElo "2166"]
[BlackElo "2074"]
[PlyCount "125"]
[EventDate "2016.07.25"]
[EventType "swiss"]
[EventRounds "9"]
[EventCountry "URU"]
[SourceTitle "EXT 2017"]
[Source "ChessBase"]
[SourceDate "2016.10.25"]
[SourceVersion "1"]
[SourceVersionDate "2016.10.25"]
[SourceQuality "1"]

1. e4 e6 2. d4 d5 3. Nd2 Nf6 4. e5 Nfd7 5. f4 c5 6. Ngf3 Nc6 7. Nb3 f6 8. exf6 Qxf6 9. Be3 Bd6 10. g3 cxd4 11. Nbxd4 a6 12. Bg2 0-0 13. 0-0 Nc5 14. c4 Ne7 15. b4 Ne4 16. c5 Bc7 17. Nd2 Nf5 18. Nxf5 exf5 19. Nf3 Be6 20. Bd4 Qe7 21. Qb3 h6 22. Qb2 g5 23. Ne5 Kh7 24. Nd3 Bd7 25. a4 Qe8 26. Qa2 Be6 27. Rab1 Rg8 28. Qc2 Bd7 29. Ra1 Qe7 30. Be5 Bxe5 31. Nxe5 gxf4 32. Nxd7 Qxd7 33. Rxf4 Qg7 34. Rd1 Qe5 35. Qd3 Rad8 36. Rdf1 Rg5 37. Bh3 Rf8 38. Bg2 Rd8 39. Rd1 Nc3 40. Rd2 Ne4 41. Re2 Rdg8 42. Rf1 Qg7 43. Re3 Kh8 44. Ref3 Qe5 45. Qe3 R8g7 46. Rd1 h5 47. Rf4 Kh7 48. Rh4 Qb2 49. Qd4 Nc3 50. Rd2 Ne2+ 51. Kf2 Qxd4+ 52. Rhxd4 Nxd4 53. Rxd4 Rg4 54. Ke3 h4 55. Bh3 hxg3 56. Bxg4 g2 57. Kf2 g1Q+ 58. Kxg1 fxg4 59. Rxd5 Kg8 60. Kg2 Kf8 61. Kg3 Rh7 62. Kxg4 Rxh2 63. Rd7 1-0

[Event "Pan American-ch U20"]
[Site "Guatape"]
[Date "2016.06.21"]
[Round "2"]
[White "Filipps, Yamil"]
[Black "Cori Quispe, Kevin Joel"]
[Result "0-1"]
[WhiteElo "2164"]
[BlackElo "2353"]
[PlyCount "90"]
[EventDate "2016.06.20"]
[EventType "swiss"]
[EventRounds "9"]
[EventCountry "COL"]
[SourceTitle "EXT 2017"]
[Source "ChessBase"]
[SourceDate "2016.10.25"]
[SourceVersion "1"]
[SourceVersionDate "2016.10.25"]
[SourceQuality "1"]

1. d4 Nf6 2. Nf3 g6 3. Bf4 Bg7 4. e3 d6 5. h3 0-0 6. Be2 c5 7. c3 Qb6 8. Qc1 Nc6 9. Nbd2 cxd4 10. exd4 Bf5 11. 0-0 Rac8 12. Nc4 Qc7 13. Re1 Rfe8 14. Qd1 Nd5 15. Bh2 b5 16. Ne3 Nxe3 17. fxe3 b4 18. Rc1 Qa5 19. Bc4 d5 20. Bb3 bxc3 21. bxc3 Bh6 22. g4 Be6 23. Bf4 Bg7 24. Ng5 Bd7 25. Qf3 e6 26. Nxf7 Rf8 27. Nd6 g5 28. Nb7 Qb6 29. Nc5 Ne5 30. Qg3 gxf4 31. exf4 Rxc5 32. fxe5 Rcc8 33. Bc2 Be8 34. Qh4 Bg6 35. Bxg6 hxg6 36. Qg5 Qd8 37. Qxg6 Qh4 38. Qxe6+ Kh8 39. Re2 Qg3+ 40. Kh1 Rxc3 41. Rg1 Qh4 42. g5 Rff3 43. Rh2 Rxh3 44. Rxh3 Rxh3+ 45. Kg2 Rh2+ 0-1

[Event "BOL-ch"]
[Site "Sucre"]
[Date "2016.06.12"]
[Round "7"]
[White "Ferrufino, Boris"]
[Black "Filipps, Yamil"]
[Result "1-0"]
[WhiteElo "2108"]
[BlackElo "2164"]
[PlyCount "75"]
[EventDate "2016.06.09"]
[EventType "tourn"]
[EventRounds "9"]
[EventCountry "BOL"]
[SourceTitle "CBM 172 Extra"]
[Source "ChessBase"]
[SourceDate "2016.06.21"]
[SourceVersion "1"]
[SourceVersionDate "2016.06.21"]
[SourceQuality "1"]

1. d4 Nf6 2. c4 g6 3. Nc3 Bg7 4. e4 d6 5. Be2 0-0 6. Bg5 h6 7. Be3 e5 8. d5 c6 9. Qd2 Kh7 10. h4 cxd5 11. cxd5 Bd7 12. h5 g5 13. f3 Ne8 14. g4 Qa5 15. Nh3 f6 16. 0-0 Na6 17. a3 Qd8 18. b4 Rf7 19. Bd3 Bf8 20. Qf2 Qb8 21. Rfc1 Nac7 22. b5 Be7 23. a4 Ng7 24. Kg2 a6 25. b6 Nce8 26. Qe2 Qd8 27. a5 Bc8 28. Nf2 Kg8 29. Na2 Bf8 30. Rc3 f5 31. exf5 Nf6 32. Nb4 Nge8 33. Rac1 Qd7 34. Qc2 Ng7 35. Rc7 Qe8 36. Rxc8 Rxc8 37. Qxc8 Qa4 38. Qc3 1-0

[Event "BOL-ch"]
[Site "Sucre"]
[Date "2016.06.11"]
[Round "5"]
[White "Delgadillo, Adonai"]
[Black "Filipps, Yamil"]
[Result "0-1"]
[WhiteElo "2189"]
[BlackElo "2164"]
[PlyCount "90"]
[EventDate "2016.06.09"]
[EventType "tourn"]
[EventRounds "9"]
[EventCountry "BOL"]
[SourceTitle "CBM 172 Extra"]
[Source "ChessBase"]
[SourceDate "2016.06.21"]
[SourceVersion "1"]
[SourceVersionDate "2016.06.21"]
[SourceQuality "1"]

1. e4 e6 2. d4 d5 3. Nc3 Nf6 4. e5 Nfd7 5. Nce2 c5 6. c3 Nc6 7. f4 f6 8. Nf3 Qb6 9. a3 Be7 10. h4 0-0 11. Rh3 cxd4 12. cxd4 fxe5 13. fxe5 Ndxe5 14. dxe5 Nxe5 15. Qd4 Nxf3+ 16. Rxf3 Rxf3 17. gxf3 Qxd4 18. Nxd4 Bxh4+ 19. Ke2 e5 20. Nb5 Bd7 21. a4 Rc8 22. Kd1 e4 23. Be2 Bg3 24. fxe4 dxe4 25. Be3 a6 26. Nd4 Be5 27. Kd2 h6 28. Bd1 Rd8 29. Bb3+ Kh8 30. Ke1 Bg4 31. Ne6 Rd3 32. Bd1 Bg3+ 33. Bf2 Bxf2+ 34. Kxf2 Rxd1 35. Rxd1 Bxd1 36. a5 Ba4 37. Ke3 Bc6 38. Nd4 g5 39. b4 Kg7 40. b5 Bxb5 41. Kxe4 Kf6 42. Ke3 h5 43. Kf3 Ke5 44. Nc2 Bc6+ 45. Kg3 Be4 0-1

[Event "BOL-ch"]
[Site "Sucre"]
[Date "2016.06.09"]
[Round "1"]
[White "Filipps, Yamil"]
[Black "Mariscal, Rodrigo"]
[Result "1/2-1/2"]
[WhiteElo "2164"]
[BlackElo "2018"]
[PlyCount "120"]
[EventDate "2016.06.09"]
[EventType "tourn"]
[EventRounds "9"]
[EventCountry "BOL"]
[SourceTitle "CBM 172 Extra"]
[Source "ChessBase"]
[SourceDate "2016.06.21"]
[SourceVersion "1"]
[SourceVersionDate "2016.06.21"]
[SourceQuality "1"]

1. d4 d5 2. Nf3 c5 3. c3 cxd4 4. cxd4 Nc6 5. Nc3 Nf6 6. Bf4 Qb6 7. Na4 Qb4+ 8. Bd2 Qd6 9. e3 Ne4 10. Bb5 Bd7 11. a3 e6 12. Rc1 Be7 13. Nc5 Nxc5 14. dxc5 Qc7 15. b4 Bf6 16. Bc3 Bxc3+ 17. Rxc3 0-0 18. 0-0 a6 19. Ba4 Rfd8 20. Bc2 g6 21. Qd2 Be8 22. Rd3 b6 23. cxb6 Qxb6 24. Nd4 Ne5 25. Rc3 Bb5 26. Nxb5 axb5 27. Bd3 d4 28. exd4 Qxd4 29. Rd1 Qg4 30. Be2 Rxd2 31. Bxg4 Rxd1+ 32. Bxd1 Nc4 33. Kf1 Rxa3 34. Rxa3 Nxa3 35. Bb3 Kf8 36. Ke2 Ke7 37. Kd3 Kd6 38. h4 f6 39. Kc3 e5 40. Kd3 Nb1 41. f3 h6 42. Bf7 Ke7 43. Bxg6 Na3 44. Be4 Nc4 45. Bc6 Nd6 46. g4 f5 47. gxf5 Kf6 48. Bd7 Ke7 49. Bc6 Kf6 50. Ke3 Nxf5+ 51. Ke4 Nd4 52. Kd5 Nxf3 53. Bxb5 Nxh4 54. Bd3 Nf3 55. b5 Ke7 56. b6 Kd8 57. Bf5 Nd4 58. Bh3 h5 59. Kxe5 Nc6+ 60. Kd6 Na5 1/2-1/2

[Event "BOL-ch"]
[Site "La Paz"]
[Date "2016.02.13"]
[Round "5"]
[White "Filipps, Yamil"]
[Black "Parraga, Alejandro"]
[Result "0-1"]
[WhiteElo "2049"]
[BlackElo "2184"]
[PlyCount "82"]
[EventDate "2016.02.11"]
[EventType "swiss"]
[EventRounds "7"]
[EventCountry "BOL"]
[SourceTitle "CBM 171 Extra"]
[Source "ChessBase"]
[SourceDate "2016.04.26"]
[SourceVersion "1"]
[SourceVersionDate "2016.04.26"]
[SourceQuality "1"]

1. d4 Nf6 2. Nf3 d5 3. Bf4 c6 4. e3 Qb6 5. Qc1 Bf5 6. c4 e6 7. Nc3 Be7 8. Nh4 Be4 9. f3 Bg6 10. Nxg6 hxg6 11. c5 Qd8 12. g4 Nfd7 13. Kf2 e5 14. Bg3 Bh4 15. Be2 Qf6 16. Qd2 Nf8 17. Kg2 Bxg3 18. hxg3 Rxh1 19. Rxh1 Nbd7 20. b4 exd4 21. exd4 Ne6 22. Rd1 a6 23. a4 g5 24. b5 axb5 25. axb5 Kf8 26. Qb2 g6 27. bxc6 bxc6 28. Qb7 Ra3 29. Nxd5 cxd5 30. Qxd7 Ra2 31. Kf1 Nxd4 32. Qxd5 Nxe2 33. Qxa2 Qxf3+ 34. Ke1 Nc3 35. Qc2 Qxg3+ 36. Kd2 Nxd1 37. Kxd1 Qg1+ 38. Kd2 Qf2+ 39. Kc1 Qxc2+ 40. Kxc2 Ke7 41. Kd3 f5 0-1

[Event "BOL-ch"]
[Site "La Paz"]
[Date "2016.02.12"]
[Round "4"]
[White "Medrano, Mario"]
[Black "Filipps, Yamil"]
[Result "0-1"]
[WhiteElo "2084"]
[BlackElo "2049"]
[PlyCount "104"]
[EventDate "2016.02.11"]
[EventType "swiss"]
[EventRounds "7"]
[EventCountry "BOL"]
[SourceTitle "CBM 171 Extra"]
[Source "ChessBase"]
[SourceDate "2016.04.26"]
[SourceVersion "1"]
[SourceVersionDate "2016.04.26"]
[SourceQuality "1"]

1. d4 Nf6 2. c4 g6 3. Nc3 Bg7 4. g3 0-0 5. Bg2 d6 6. Nf3 Nbd7 7. 0-0 e5 8. b3 Re8 9. Bb2 c6 10. dxe5 dxe5 11. Qc2 Qc7 12. Rad1 Nc5 13. Ng5 h6 14. Nge4 Nfxe4 15. Nxe4 Bf5 16. g4 Bxe4 17. Bxe4 Rad8 18. Bg2 Ne6 19. e3 Rxd1 20. Rxd1 Rd8 21. b4 Rxd1+ 22. Qxd1 Qe7 23. Bc3 Qh4 24. Be1 Qg5 25. a4 h5 26. h3 Bf8 27. a5 hxg4 28. Qxg4 Qxg4 29. hxg4 Nd8 30. Bc3 a6 31. Kf1 f6 32. Be4 Kf7 33. Ke2 Bd6 34. Kd3 Ne6 35. Bd2 Ng5 36. Bg2 f5 37. gxf5 gxf5 38. f3 Ke6 39. e4 f4 40. Be1 Be7 41. Kc3 Kd6 42. Kb2 Kc7 43. Bf2 Bxb4 44. Bb6+ Kd7 45. Kb3 c5 46. Ka4 Kd6 47. Ba7 Bc3 48. Bb8+ Kc6 49. Kb3 Bd4 50. Ba7 Kc7 51. Ka2 Bc3 52. Kb3 Bxa5 0-1

[Event "South America-ch U18 12th"]
[Site "Santa Cruz"]
[Date "2015.12.02"]
[Round "1"]
[White "Filipps, Yamil"]
[Black "Uzcategui Rodriguez, Alejandro"]
[Result "1-0"]
[WhiteElo "2045"]
[BlackElo "2245"]
[PlyCount "80"]
[EventDate "2015.12.02"]
[EventType "swiss"]
[EventRounds "9"]
[EventCountry "BOL"]
[SourceTitle "CBM 170 Extra"]
[Source "ChessBase"]
[SourceDate "2016.02.25"]
[SourceVersion "1"]
[SourceVersionDate "2016.02.25"]
[SourceQuality "1"]

1. d4 Nf6 2. Nf3 d6 3. Bf4 g6 4. e3 Bg7 5. Be2 0-0 6. h3 Nc6 7. 0-0 Nd7 8. c4 e5 9. Bh2 exd4 10. exd4 Qf6 11. d5 Nd4 12. Nxd4 Qxd4 13. Qxd4 Bxd4 14. Nc3 Bxc3 15. bxc3 Nc5 16. f3 Re8 17. Kf2 Bf5 18. Rfe1 b6 19. Rad1 g5 20. Bg1 Na4 21. Rc1 Nb2 22. Kg3 f6 23. Bd4 Bd3 24. Bxd3 Nxd3 25. Rxe8+ Rxe8 26. Rc2 Kf7 27. Rd2 Nf4 28. Kf2 h5 29. Be3 Nxg2 30. Kxg2 Rxe3 31. Rc2 Re1 32. Kg3 a5 33. h4 Kg6 34. hxg5 Kxg5 35. Kf2 Re7 36. Rd2 Kh4 37. Rd4+ Kh3 38. Rd1 Kh4 39. Rg1 Rf7 40. Ke3 f5 1-0

[Event "BOL-ch"]
[Site "Cobija"]
[Date "2015.07.24"]
[Round "6"]
[White "Filipps, Yamil"]
[Black "Medrano, Mario"]
[Result "0-1"]
[WhiteElo "2006"]
[BlackElo "2067"]
[PlyCount "60"]
[EventDate "2015.07.21"]
[EventType "tourn"]
[EventRounds "9"]
[EventCountry "BOL"]
[SourceTitle "CBM 167 Extra"]
[Source "ChessBase"]
[SourceDate "2015.09.14"]
[SourceVersion "1"]
[SourceVersionDate "2015.09.14"]
[SourceQuality "1"]

1. d4 Nf6 2. Nf3 g6 3. Bf4 Bg7 4. e3 d6 5. h3 0-0 6. Be2 Nbd7 7. 0-0 b6 8. c3 Bb7 9. Nbd2 Ne8 10. Qb3 h6 11. a4 e5 12. Bg3 a5 13. Rad1 Qe7 14. Bb5 e4 15. Ne1 Kh7 16. Nc2 d5 17. f4 f5 18. Na3 c6 19. Be2 Nd6 20. c4 Ba6 21. Rfe1 c5 22. dxc5 Nxc5 23. Qxb6 Nxa4 24. Qc6 Nxb2 25. c5 Bxe2 26. cxd6 Qa7 27. Rxe2 Nxd1 28. Nb5 Qa6 29. Qxd5 Rab8 30. Nd4 Nc3 0-1

[Event "BOL-ch"]
[Site "Cobija"]
[Date "2015.07.24"]
[Round "7"]
[White "Parraga, Alejandro"]
[Black "Filipps, Yamil"]
[Result "1-0"]
[WhiteElo "2185"]
[BlackElo "2006"]
[PlyCount "151"]
[EventDate "2015.07.21"]
[EventType "tourn"]
[EventRounds "9"]
[EventCountry "BOL"]
[SourceTitle "CBM 167 Extra"]
[Source "ChessBase"]
[SourceDate "2015.09.14"]
[SourceVersion "1"]
[SourceVersionDate "2015.09.14"]
[SourceQuality "1"]

1. d4 Nf6 2. c4 g6 3. Nc3 Bg7 4. Nf3 0-0 5. g3 c6 6. Bg2 d5 7. cxd5 cxd5 8. Ne5 Nc6 9. Nxc6 bxc6 10. 0-0 Nd7 11. Qa4 Qb6 12. Rd1 e6 13. Be3 Ba6 14. Qc2 Rfc8 15. Na4 Qb5 16. Nc3 Qb6 17. Rac1 Rab8 18. Na4 Qb5 19. Bf1 Qc4 20. Qxc4 Bxc4 21. b3 Bb5 22. Bf4 Rb7 23. e3 Bxf1 24. Kxf1 Bf8 25. Rc2 Ba3 26. f3 f6 27. e4 g5 28. Bc1 Be7 29. Bb2 Kf7 30. Rdc1 Rbc7 31. Ke2 Nb6 32. Nc5 Bxc5 33. Rxc5 Nd7 34. Ra5 f5 35. exf5 exf5 36. Ba3 Ke6 37. Kd3 Re8 38. Bb4 Nb6 39. Ra6 Kd7 40. Ba5 Rb7 41. Bd2 Rg8 42. Re1 Kc8 43. Re6 Rf7 44. Ra5 Kd7 45. Rh6 Nc8 46. Ra6 Rg6 47. Rxg6 hxg6 48. Bxg5 Rf8 49. Bf4 Re8 50. Be5 g5 51. h4 gxh4 52. gxh4 Re6 53. Ke3 Rh6 54. Bg3 Rg6 55. Kf4 Rg7 56. h5 Rh7 57. Kg5 Rg7+ 58. Kh4 Rg8 59. Be5 Rg1 60. h6 Rh1+ 61. Kg5 Rh3 62. f4 Rg3+ 63. Kf6 Rh3 64. Kg7 Rg3+ 65. Kf8 Rh3 66. Bg7 Kd6 67. Kf7 Kd7 68. Kf6 Rh4 69. Kg5 Rh2 70. Kxf5 Rg2 71. Kf6 Rh2 72. f5 Rh1 73. Kf7 Nd6+ 74. Kg8 Nxf5 75. Rxa7+ Ke6 76. h7 1-0

[Event "BOL-ch"]
[Site "Cobija"]
[Date "2015.07.23"]
[Round "5"]
[White "Filipps, Yamil"]
[Black "Lopez, Mario Iver"]
[Result "0-1"]
[WhiteElo "2006"]
[BlackElo "2194"]
[PlyCount "104"]
[EventDate "2015.07.21"]
[EventType "tourn"]
[EventRounds "9"]
[EventCountry "BOL"]
[SourceTitle "CBM 167 Extra"]
[Source "ChessBase"]
[SourceDate "2015.09.14"]
[SourceVersion "1"]
[SourceVersionDate "2015.09.14"]
[SourceQuality "1"]

1. d4 Nf6 2. Nf3 e6 3. Bf4 c5 4. e3 Qb6 5. Qc1 Nh5 6. Bg3 Nxg3 7. hxg3 Nc6 8. c3 d5 9. Bd3 h6 10. Nbd2 Bd7 11. dxc5 Bxc5 12. Nb3 Be7 13. e4 dxe4 14. Bxe4 a5 15. 0-0 Rd8 16. Qc2 0-0 17. Rad1 Bc8 18. Nbd4 Nxd4 19. Nxd4 f5 20. Bd3 Bf6 21. Bc4 Bxd4 22. cxd4 Rxd4 23. Rxd4 Qxd4 24. Re1 Qf6 25. Qb3 Kh8 26. Qb6 Qd8 27. Qxd8 Rxd8 28. Re5 b6 29. f4 Rd6 30. Kf1 g6 31. Ke2 Kg7 32. a3 Kf6 33. Kf1 g5 34. b3 a4 35. Re3 Rd4 36. fxg5+ hxg5 37. Bb5 axb3 38. Rxb3 Bb7 39. Be2 Rd6 40. Kf2 g4 41. Rc3 Be4 42. Rb3 Rc6 43. Rb2 Rc2 44. Rb3 Bxg2 45. Ke3 Bd5 46. Rxb6 Rc3+ 47. Kf2 Rxa3 48. Rb8 Ke5 49. Re8 Kd4 50. Re7 Ra2 51. Rd7 Rc2 52. Rd6 Ke5 0-1

[Event "South America-ch U16 11th"]
[Site "Montevideo"]
[Date "2014.09.12"]
[Round "7"]
[White "Tomas Falcon, Jesus"]
[Black "Filipps, Yamil"]
[Result "1/2-1/2"]
[WhiteElo "2100"]
[BlackElo "1836"]
[PlyCount "66"]
[EventDate "2014.09.08"]
[EventType "swiss"]
[EventRounds "9"]
[EventCountry "URU"]
[SourceTitle "EXT 2016"]
[Source "ChessBase"]
[SourceDate "2015.10.08"]
[SourceVersion "1"]
[SourceVersionDate "2015.10.08"]
[SourceQuality "1"]

1. e4 e6 2. d4 d5 3. e5 c5 4. c3 Qb6 5. Nf3 Bd7 6. Na3 cxd4 7. cxd4 Nc6 8. Be2 Bb4+ 9. Kf1 Bxa3 10. bxa3 Na5 11. Bd2 Nc4 12. Bb4 Ne7 13. g3 Nf5 14. Kg1 h5 15. h4 Qc7 16. Rb1 a5 17. Bc5 b6 18. Bxc4 bxc5 19. Bb5 c4 20. Kg2 0-0 21. Ng5 g6 22. g4 Ng7 23. gxh5 Nxh5 24. Qg4 a4 25. Rhg1 Rab8 26. Kh2 Ng7 27. Bxd7 Rxb1 28. Rxb1 Qxd7 29. h5 Nxh5 30. Rg1 Kg7 31. Kg2 Rb8 32. Rh1 Rh8 33. Rh3 Qe7 1/2-1/2

[Event "South America-ch U16 11th"]
[Site "Montevideo"]
[Date "2014.09.09"]
[Round "3"]
[White "Leal, Jorge Augusto"]
[Black "Filipps, Yamil"]
[Result "1-0"]
[WhiteElo "2003"]
[BlackElo "1836"]
[PlyCount "69"]
[EventDate "2014.09.08"]
[EventType "swiss"]
[EventRounds "9"]
[EventCountry "URU"]
[SourceTitle "EXT 2016"]
[Source "ChessBase"]
[SourceDate "2015.10.08"]
[SourceVersion "1"]
[SourceVersionDate "2015.10.08"]
[SourceQuality "1"]

1. d4 Nf6 2. Nf3 g6 3. g3 Bg7 4. Bg2 0-0 5. 0-0 d6 6. c4 c6 7. Nc3 Nbd7 8. e4 e5 9. Rb1 a5 10. a3 exd4 11. Nxd4 Ne5 12. b3 Re8 13. h3 Ned7 14. Kh2 Nf8 15. Re1 Qc7 16. f4 Ne6 17. Nxe6 Bxe6 18. Qd3 Rad8 19. Be3 d5 20. cxd5 cxd5 21. e5 Bf5 22. Qd4 Bxb1 23. exf6 Bf8 24. Rxb1 Qd7 25. Bxd5 Bxa3 26. Rd1 Bb2 27. Qd2 Bxc3 28. Qxc3 Rc8 29. Qd3 b5 30. h4 b4 31. Bc4 Qg4 32. Bf2 Rf8 33. Qd5 a4 34. Bc5 Rxc5 35. Qxf7+ 1-0